Borneo bulletin Brunei yearbook : Key information on Brunei 2000.
| Format: | Book |
|---|---|
| Published: |
Bandar Seri Begawan:
Brunei Yearbook,
2000.
|
| Subjects: |
| LEADER | 00507cam a2200145 7i4500 | ||
|---|---|---|---|
| 001 | 0000007957 | ||
| 005 | 20000727090000.0 | ||
| 090 | 0 | 0 | |a BRUN 330.9 |b BOR |
| 245 | 0 | 0 | |a Borneo bulletin Brunei yearbook : |b Key information on Brunei 2000. |
| 260 | 0 | 0 | |a Bandar Seri Begawan: |b Brunei Yearbook, |c 2000. |
| 300 | # | # | |a 430 p. |
| 650 | 0 | 0 | |a Brunei Darussalam -- |x Yearbooks |
| 650 | 0 | 0 | |a Brunei Darussalam -- |x Economic Conditions |
| 651 | 0 | 0 | |a Brunei Darussalam |
| 999 | |a 0000011800 |b Directories |c Countries |e Business Information Centre | ||